[Event "C.to Provinciale BR 1999"]
[Site "Brindisi ITA"]
[Date "1998.11.??"]
[Round "6"]
[White "Perrone, Giorgio"]
[Black "Licciulli, Fabio"]
[Result "1/2-1/2"]
[WhiteElo "1696"]
[BlackElo "1597"]
[PlyCount "40"]
[EventDate "1998.11.28"]

1. e4 c6 2. d4 d5 3. exd5 cxd5 4. c4 Nf6 5. Nc3 e6 6. Bg5 Be7 7. Nf3 Nc6 8. Rc1
O-O 9. c5 Bd7 10. Bd3 h6 11. Be3 b6 12. Ne2 Rc8 13. Ba6 Rb8 14. Bf4 e5 15. Nxe5
bxc5 16. Nxc6 Bxc6 17. Bxb8 Qa5+ 18. Qd2 Qxa6 19. Bf4 Ne4 20. Qc2 Bb5 1/2-1/2

[Event "XXXIII Olimpiadi (San Marino)"]
[Site "Elista RUS"]
[Date "1998.09.29"]
[Round "1.1"]
[White "Pavasovic, Dusko"]
[Black "Maccapani, Massimiliano"]
[Result "1-0"]
[WhiteElo "2475"]
[BlackElo "2245"]
[Annotator "SMR-SLO"]
[PlyCount "77"]
[EventDate "1998.09.29"]

1.e4 c5 2.c3 d5 3.exd5 Qxd5 4.d4 e5 5.Nf3 cxd4 6.cxd4 exd4 7.Qxd4 Qxd4 8.
Nxd4 a6 9.Nc3 Bb4 10.Be2 Ne7 11.O-O Bxc3 12.bxc3 O-O 13.Ba3 Re8 14.Bf3 
Nec6 15.Rab1 Nxd4 16.cxd4 Nc6 17.Bc5 Na5 18.Bb4 Nc6 19.Bc3 f6 20.Rfd1 Nd8 
21.Re1 Rxe1+ 22.Rxe1 Be6 23.Bxb7 Nxb7 24.Rxe6 Rc8 25.Be1 Rd8 26.Rb6 Nd6 
27.Rxa6 Nf5 28.Kf1 Nxd4 29.a4 Nc2 30.Ba5 Rd3 31.Ke2 Ra3 32.Bb6 Ra2 33.Ra7 
Nb4+ 34.Kf3 Nd5 35.a5 Ra4 36.Rd7 Nc3 37.Rd4 Ra2 38.Rd3 Nb5 39.Ke4 1-0

[Event "XXXIII Olimpiadi (San Marino)"]
[Site "Elista RUS"]
[Date "1998.09.30"]
[Round "2.1"]
[White "Maccapani, Massimiliano"]
[Black "Rohl, Juan"]
[Result "0-1"]
[WhiteElo "2245"]
[BlackElo "2330"]
[Annotator "SMR-VEN"]
[PlyCount "80"]
[EventDate "1998.09.29"]

1.e4 c5 2.c3 Nf6 3.e5 Nd5 4.d4 cxd4 5.Nf3 e6 6.cxd4 d6 7.Bc4 Nb6 8.Bb5+ 
Bd7 9.Bxd7+ Qxd7 10.O-O Nc6 11.Nc3 d5 12.Ne2 Be7 13.Nf4 g6 14.Nd3 h6 15.b3
g5 16.Be3 O-O-O 17.a4 Kb8 18.a5 Nc8 19.Qb1 a6 20.b4 N8a7 21.Qb2 Nb5 22.
Rac1 Rdg8 23.Nd2 g4 24.f4 Rc8 25.Nb1 Nca7 26.Qb3 h5 27.Na3 Nxa3 28.Qxa3 
Rc4 29.Qb3 Rhc8 30.Nc5 Bxc5 31.dxc5 Qb5 32.Rxc4 dxc4 33.Qc3 Rd8 34.f5 Nc6 
35.fxe6 fxe6 36.Bg5 Rd3 37.Rf8+ Ka7 38.Qe1 c3 39.Qe2 Qc4 40.Rf1 c2 0-1

[Event "XXXIII Olimpiadi (San Marino)"]
[Site "Elista RUS"]
[Date "1998.09.30"]
[Round "2.2"]
[White "Sequera Paolini, Jose'"]
[Black "Volpinari, Danilo"]
[Result "1-0"]
[WhiteElo "2340"]
[BlackElo "2115"]
[Annotator "SMR-VEN"]
[PlyCount "127"]
[EventDate "1998.09.29"]

1.e4 c6 2.Nf3 d5 3.Nc3 Bg4 4.h3 Bxf3 5.Qxf3 e6 6.d3 Nf6 7.g3 Bb4 8.Bd2 d4 
9.Nb1 Bxd2+ 10.Nxd2 e5 11.h4 c5 12.g4 h5 13.g5 Nfd7 14.g6 fxg6 15.Qg3 Qf6 
16.Bh3 O-O 17.Rg1 a5 18.Qxg6 Qxg6 19.Rxg6 Rf6 20.Rg5 g6 21.Ke2 Raa6 22.
Rag1 Kf7 23.Nc4 Rf4 24.Nxe5+ Nxe5 25.Rxe5 Raf6 26.Rg2 Rxh4 27.Bc8 b6 28.
Rd5 Nc6 29.e5 Ne7 30.Rd6 Rxd6 31.exd6 Nc6 32.Bb7 Nd8 33.Be4 Rg4 34.Rxg4 
hxg4 35.Kf1 Ke6 36.Bxg6 Kxd6 37.Kg2 Ke5 38.Kg3 Ne6 39.Kxg4 Nf4 40.Be4 Ne6 
41.Bf5 Nf4 42.Kg5 Nd5 43.Bg4 Nf4 44.Bd7 Nd5 45.a4 Nf4 46.Bg4 Nd5 47.Kg6 
Nb4 48.Bd1 Nd5 49.Kf7 Kd6 50.Kf8 Kd7 51.Bh5 Nb4 52.Bg4+ Kd6 53.Bd1 Kd7 54.
Kf7 Nd5 55.Bg4+ Kd6 56.Be6 Nf4 57.Bc8 Nd5 58.Bb7 Nb4 59.f4 Nxc2 60.f5 Ne3 
61.f6 Ng4 62.Kg7 Ne5 63.Ba6 Nd7 64.Bb5 1-0

[Event "XXXIII Olimpiadi (San Marino)"]
[Site "Elista RUS"]
[Date "1998.09.30"]
[Round "2.3"]
[White "Righi, Ezio"]
[Black "Soto Paez, Oliver"]
[Result "0-1"]
[WhiteElo "2115"]
[BlackElo "2320"]
[Annotator "SMR-VEN"]
[PlyCount "68"]
[EventDate "1998.09.29"]

1.e4 c5 2.Nf3 e6 3.d4 cxd4 4.Nxd4 a6 5.Nc3 Qc7 6.Be2 Nf6 7.O-O Be7 8.f4 d6
9.Bf3 Nc6 10.Kh1 Bd7 11.Nb3 Rd8 12.Be3 b5 13.Qd2 O-O 14.a4 b4 15.Ne2 a5 
16.c3 d5 17.exd5 exd5 18.Ned4 Ne4 19.Bxe4 dxe4 20.Nb5 Qb8 21.Qc2 Rfe8 22.
Rad1 bxc3 23.bxc3 Be6 24.c4 Rd3 25.Bc5 Bxc5 26.Nxc5 Nb4 27.Qc1 Rxd1 28.
Rxd1 Bg4 29.Re1 Rc8 30.Rxe4 Rxc5 31.Qe3 Rc8 32.c5 Bd7 33.Nd6 Nd5 34.Qg3 
Rxc5 0-1

[Event "XXXIII Olimpiadi (San Marino)"]
[Site "Elista RUS"]
[Date "1998.09.30"]
[Round "2.4"]
[White "Urbaneja, Juan Carlos"]
[Black "Grassi, Enrico"]
[Result "1/2-1/2"]
[WhiteElo "2240"]
[BlackElo "2120"]
[Annotator "SMR-VEN"]
[PlyCount "62"]
[EventDate "1998.09.29"]

1.d4 Nf6 2.Nf3 g6 3.Bg5 Bg7 4.Nbd2 O-O 5.e4 d6 6.Bc4 Nc6 7.c3 Na5 8.Bd3 c5
9.h3 cxd4 10.cxd4 Nc6 11.a3 a6 12.d5 Nb8 13.b4 Nfd7 14.Rb1 Ne5 15.Nxe5 
Bxe5 16.O-O Bg7 17.Nc4 Nd7 18.f4 f6 19.Bh4 Nb6 20.Nxb6 Qxb6+ 21.Bf2 Qd8 
22.f5 Bh6 23.Bd4 b5 24.Rb2 Bd7 25.Qe2 Rc8 26.a4 Qe8 27.Rbb1 Rc7 28.a5 Qf7 
29.fxg6 hxg6 30.Bb6 Rc3 31.Bd4 Rc7 1/2-1/2

[Event "XXXIII Olimpiadi (San Marino)"]
[Site "Elista RUS"]
[Date "1998.10.01"]
[Round "3.1"]
[White "Maccapani, Massimiliano"]
[Black "Wong, Zi Jing"]
[Result "0-1"]
[WhiteElo "2245"]
[BlackElo "2120"]
[Annotator "SMR-MAS"]
[PlyCount "57"]
[EventDate "1998.09.29"]

1.e4 c5 2.Nf3 d6 3.c3 Nf6 4.Be2 Bg4 5.O-O e6 6.Re1 Be7 7.d3 Nc6 8.Nbd2 O-O
9.h3 Bh5 10.Nf1 d5 11.Ng3 Bg6 12.exd5 Nxd5 13.Bf1 Qc7 14.d4 Rfd8 15.a3 
cxd4 16.cxd4 Qb6 17.Bd3 Bf6 18.Bxg6 hxg6 19.Be3 Qxb2 20.Rb1 Qxa3 21.Rxb7 
Ncb4 22.Ne4 Qa6 23.Nc5 Qc6 24.Qb3 e5 25.Ra1 Nxe3 26.fxe3 a5 27.Rxb4 axb4 
28.Rxa8 Rxa8 29.Qxb4 0-1

[Event "XXXIII Olimpiadi (San Marino)"]
[Site "Elista RUS"]
[Date "1998.10.01"]
[Round "3.2"]
[White "Ismail, Ahmad"]
[Black "Volpinari, Danilo"]
[Result "1-0"]
[WhiteElo "2040"]
[BlackElo "2115"]
[Annotator "SMR-MAS"]
[PlyCount "39"]
[EventDate "1998.09.29"]

1.d4 Nf6 2.Bg5 e6 3.e4 Be7 4.e5 Nd5 5.Bxe7 Qxe7 6.c4 Nb6 7.Nc3 d6 8.Qg4 g6
9.Nf3 Nc6 10.O-O-O Bd7 11.Nb5 O-O-O 12.exd6 cxd6 13.Qg3 Be8 14.d5 exd5 15.
cxd5 Nb4 16.Qg4+ Kb8 17.Qxb4 Rc8+ 18.Kb1 Rc5 19.Bd3 Nxd5 20.Qd4 1-0

[Event "XXXIII Olimpiadi (San Marino)"]
[Site "Elista RUS"]
[Date "1998.10.01"]
[Round "3.4"]
[White "Md Nor, Azahari"]
[Black "Grassi, Enrico"]
[Result "1-0"]
[WhiteElo "2140"]
[BlackElo "2120"]
[Annotator "SMR-MAS"]
[PlyCount "87"]
[EventDate "1998.09.29"]

1.d4 Nf6 2.Nc3 d5 3.Bg5 e6 4.f3 c5 5.e3 cxd4 6.Qxd4 Be7 7.O-O-O Nc6 8.Bb5 
Bd7 9.Bxc6 bxc6 10.Nge2 c5 11.Qe5 Qb6 12.Bf4 O-O 13.Rd2 Rab8 14.Nd1 Rfc8 
15.Nec3 Be8 16.g4 Rb7 17.h4 Nd7 18.Nxd5 Nxe5 19.Nxb6 axb6 20.Bxe5 b5 21.
Bd6 Bxd6 22.Rxd6 b4 23.a3 bxa3 24.bxa3 Ra7 25.Rd3 Bb5 26.Rb3 Be2 27.e4 
Rca8 28.Re1 Bc4 29.Rc3 Bb5 30.Ree3 Rc7 31.Rb3 Bc4 32.Rb6 e5 33.Rc3 Be6 34.
Ne3 g6 35.Kb2 Rd8 36.Rb5 Rd2 37.Rcxc5 Rxc5 38.Rxc5 Rf2 39.Rxe5 Rxf3 40.Nd5
Bxg4 41.a4 f5 42.a5 Rf2 43.a6 fxe4 44.a7 1-0

[Event "XXXIII Olimpiadi (San Marino)"]
[Site "Elista RUS"]
[Date "1998.10.02"]
[Round "4.2"]
[White "Volpinari, Danilo"]
[Black "Cutter, Paul"]
[Result "0-1"]
[WhiteElo "2115"]
[BlackElo "2160"]
[Annotator "SMR-GCI"]
[PlyCount "100"]
[EventDate "1998.09.29"]

1.d4 Nf6 2.Nf3 c5 3.d5 b5 4.c4 Bb7 5.b3 d6 6.Qc2 e5 7.e4 b4 8.Be2 h6 9.
Nbd2 Be7 10.Nf1 Nbd7 11.Ng3 g6 12.h3 h5 13.h4 Nh7 14.Be3 a5 15.Qc1 Ndf6 
16.Bd2 Bc8 17.Bd1 Bd7 18.Qb1 Ng4 19.Be2 O-O 20.Bd3 Kg7 21.Bc2 Kh8 22.Kf1 
Rb8 23.Kg1 f6 24.Nf1 f5 25.Ng3 f4 26.Ne2 Qe8 27.Qb2 Bf6 28.Qc1 Be7 29.Kf1 
Bc8 30.Neg1 Bd8 31.Nh3 Rb7 32.Qb2 Rg7 33.Nhg1 Be7 34.Qc1 Kg8 35.a3 g5 36.
hxg5 Nxg5 37.axb4 axb4 38.Ra8 Qg6 39.Nh4 Qf6 40.Ngf3 Nxf3 41.Nxf3 Qg6 42.
Rg1 h4 43.Ke2 Qh5 44.Qe1 Nh2 45.Bd1 Bg4 46.Rxf8+ Kxf8 47.Kd3 Nxf3 48.gxf3 
Bxf3 49.Rxg7 Kxg7 50.Qg1+ Kf7 0-1

[Event "XXXIII Olimpiadi (San Marino)"]
[Site "Elista RUS"]
[Date "1998.10.02"]
[Round "4.3"]
[White "Manzanilla, Ernesto"]
[Black "Righi, Ezio"]
[Result "1/2-1/2"]
[WhiteElo "2200"]
[BlackElo "2115"]
[Annotator "SMR-GCI"]
[PlyCount "95"]
[EventDate "1998.09.29"]

1.e4 e5 2.f4 exf4 3.Nf3 g5 4.d4 Bg7 5.h4 h6 6.Bc4 d6 7.c3 Nc6 8.hxg5 hxg5 
9.Rxh8 Bxh8 10.Na3 Qe7 11.Qe2 Bg4 12.Bd2 Nf6 13.Bd3 Nh5 14.O-O-O O-O-O 15.
Qf2 Kb8 16.Re1 Re8 17.Nc4 Bd7 18.e5 d5 19.Na3 Nd8 20.Nc2 Ng3 21.Nxg5 Qxg5 
22.Bxf4 Qg4 23.Qxg3 Qxg3 24.Bxg3 Rg8 25.Re3 Ne6 26.Ne1 Bg7 27.Kc2 Bh6 28.
Rf3 c5 29.Bh7 Rg7 30.Bf5 cxd4 31.Bxe6 Bxe6 32.cxd4 Rg4 33.Kc3 Rg8 34.Kb3 
Bd2 35.Nd3 Kc8 36.Nc5 Bg4 37.Rd3 Be2 38.Rxd2 Rxg3+ 39.Kb4 Rxg2 40.Nb3 b6 
41.Nc1 a5+ 42.Ka3 Rg3+ 43.b3 Bb5 44.Kb2 Kd7 45.a4 Ba6 46.Na2 Ke6 47.Nc3 
Rd3 48.Kc2 1/2-1/2

[Event "XXXIII Olimpiadi (San Marino)"]
[Site "Elista RUS"]
[Date "1998.10.03"]
[Round "5.3"]
[White "Grassi, Enrico"]
[Black "Calangi, Zachary Alexander"]
[Result "1/2-1/2"]
[WhiteElo "2120"]
[BlackElo "2200"]
[Annotator "SMR-MAC"]
[PlyCount "57"]
[EventDate "1998.09.29"]

1.e4 e5 2.Nf3 Nc6 3.d4 exd4 4.Nxd4 Bc5 5.Be3 Qf6 6.c3 Nge7 7.g3 O-O 8.Bg2 
d6 9.O-O Ne5 10.Nb5 Bg4 11.Qc2 Bxe3 12.fxe3 Qh6 13.Nxc7 Rac8 14.Nb5 a6 15.
Nd4 Qxe3+ 16.Qf2 Qh6 17.Na3 Nd3 18.Qc2 Qe3+ 19.Kh1 Rc5 20.Bf3 Nc6 21.Bxg4 
Nxd4 22.Qg2 Nc6 23.Be2 Nce5 24.Bxd3 Nxd3 25.Rad1 Ne5 26.Rxd6 Nc4 27.Nxc4 
Rxc4 28.Rd7 b5 29.Qf3 1/2-1/2

[Event "XXXIII Olimpiadi (San Marino)"]
[Site "Elista RUS"]
[Date "1998.10.04"]
[Round "6.1"]
[White "Corbin, Philip Arnold"]
[Black "Maccapani, Massimiliano"]
[Result "1-0"]
[WhiteElo "2215"]
[BlackElo "2245"]
[Annotator "SMR-BAR"]
[PlyCount "95"]
[EventDate "1998.09.29"]

1.e4 c5 2.d4 cxd4 3.c3 dxc3 4.Nxc3 Nc6 5.Nf3 e6 6.Bc4 a6 7.a4 Qc7 8.O-O 
Bd6 9.Qe2 Nge7 10.Bg5 f6 11.Bh4 O-O 12.Rac1 Kh8 13.Rfd1 Ng6 14.Bg3 Bxg3 
15.hxg3 Qa5 16.Nh4 Nxh4 17.gxh4 Qe5 18.Qe3 g5 19.h5 Rb8 20.h6 b5 21.axb5 
axb5 22.Nxb5 Rxb5 23.Bxb5 Qxb5 24.Qa3 Qb4 25.Qxb4 Nxb4 26.Rc7 Kg8 27.Rdc1 
Ba6 28.Rxd7 Rf7 29.Rcc7 Rxd7 30.Rxd7 Be2 31.Rg7+ Kf8 32.Rxh7 Kg8 33.Rg7+ 
Kh8 34.Rb7 Nc6 35.b4 Nd4 36.Rf7 Kg8 37.Rg7+ Kh8 38.Rf7 Kg8 39.Rxf6 Kh7 40.
f3 Bc4 41.Kf2 Nc6 42.b5 Bxb5 43.Rxe6 g4 44.fxg4 Nd8 45.Rb6 Bc4 46.g5 Ne6 
47.Rb7+ Kh8 48.g6 1-0

[Event "XXXIII Olimpiadi (San Marino)"]
[Site "Elista RUS"]
[Date "1998.10.05"]
[Round "7.1"]
[White "Ramos, Domingo"]
[Black "Maccapani, Massimiliano"]
[Result "1/2-1/2"]
[WhiteElo "2325"]
[BlackElo "2245"]
[Annotator "SMR-JPN"]
[PlyCount "32"]
[EventDate "1998.09.29"]

1.e4 c5 2.Nc3 Nc6 3.g3 g6 4.Bg2 Bg7 5.d3 e6 6.f4 d6 7.Nf3 Nge7 8.O-O O-O 
9.Kh1 Rb8 10.Be3 Nd4 11.Nh4 b5 12.Qd2 b4 13.Nd1 Qa5 14.Bg1 f5 15.exf5 
Nexf5 16.Nxf5 Nxf5 1/2-1/2

[Event "XXXIII Olimpiadi (San Marino)"]
[Site "Elista RUS"]
[Date "1998.10.05"]
[Round "7.2"]
[White "Volpinari, Danilo"]
[Black "Sasaki, Katsumi"]
[Result "1-0"]
[WhiteElo "2115"]
[BlackElo "2155"]
[Annotator "SMR-JPN"]
[PlyCount "65"]
[EventDate "1998.09.29"]

1.d4 d5 2.Nf3 Nf6 3.e3 Bf5 4.c4 c6 5.Qb3 Qb6 6.Nc3 e6 7.Be2 Nbd7 8.O-O Be7
9.Bd2 O-O 10.h3 Rfe8 11.Rfc1 Rac8 12.Be1 dxc4 13.Bxc4 Qxb3 14.Bxb3 Ne4 15.
Nxe4 Bxe4 16.Nd2 Bd5 17.Bxd5 exd5 18.Nf3 Bd6 19.Rc2 f5 20.g3 g6 21.Rac1 
Nb6 22.b3 h6 23.h4 Kf7 24.Kg2 Re6 25.a4 Rg8 26.a5 Nd7 27.a6 bxa6 28.Rxc6 
Nb6 29.Ra1 Ke7 30.Rxa6 Kd7 31.Rc1 Bb8 32.Bb4 Rc6 33.Rxa7+ 1-0

[Event "XXXIII Olimpiadi (San Marino)"]
[Site "Elista RUS"]
[Date "1998.10.05"]
[Round "7.3"]
[White "Tanaka, Yuuki"]
[Black "Righi, Ezio"]
[Result "1-0"]
[WhiteElo "2100"]
[BlackElo "2115"]
[Annotator "SMR-JPN"]
[PlyCount "63"]
[EventDate "1998.09.29"]

1.c4 Nf6 2.Nc3 e6 3.e4 d5 4.e5 d4 5.exf6 dxc3 6.bxc3 Qxf6 7.Nf3 c5 8.d4 h6
9.Bd3 Bd6 10.O-O O-O 11.Qe2 Qe7 12.Re1 Nd7 13.Ne5 Nf6 14.Qf3 cxd4 15.cxd4 
Bb4 16.Rd1 Bc3 17.Bh7+ Kxh7 18.Qxc3 Qc7 19.Bb2 Rd8 20.Rac1 b6 21.d5 exd5 
22.Qd3+ Kg8 23.cxd5 Qb7 24.d6 Be6 25.Nc6 Nd5 26.Qg3 f6 27.Nxd8 Rxd8 28.Ba3
b5 29.Bc5 b4 30.Re1 Kf7 31.Qf3 g6 32.Rxe6 1-0

[Event "XXXIII Olimpiadi (San Marino)"]
[Site "Elista RUS"]
[Date "1998.10.05"]
[Round "7.4"]
[White "Grassi, Enrico"]
[Black "Nakamura, Ryuji"]
[Result "1/2-1/2"]
[WhiteElo "2120"]
[BlackElo "2120"]
[Annotator "SMR-JPN"]
[PlyCount "71"]
[EventDate "1998.09.29"]

1.e4 c5 2.Nc3 e6 3.g3 Nc6 4.Bg2 d6 5.f4 g6 6.Nf3 Bg7 7.O-O Nge7 8.d3 O-O 
9.Rb1 Rb8 10.Be3 Nd4 11.Ne2 Nec6 12.c3 Nxe2+ 13.Qxe2 b5 14.g4 f5 15.h3 b4 
16.c4 Kh8 17.Qf2 Bb7 18.exf5 exf5 19.Rfe1 Qd7 20.g5 Rfe8 21.Kh2 Re7 22.Bd2
Rbe8 23.b3 Nd4 24.Rxe7 Rxe7 25.Re1 a5 26.Rxe7 Qxe7 27.Nxd4 Bxd4 28.Qe1 
Qxe1 29.Bxe1 Bxg2 30.Kxg2 Kg7 31.Bf2 Kf7 32.Kf3 Bxf2 33.Kxf2 Ke6 34.Ke3 
Kd7 35.d4 Ke7 36.d5 1/2-1/2

[Event "XXXIII Olimpiadi (San Marino)"]
[Site "Elista RUS"]
[Date "1998.10.06"]
[Round "8.1"]
[White "Maccapani, Massimiliano"]
[Black "Puhiera, Roger"]
[Result "1/2-1/2"]
[WhiteElo "2245"]
[BlackElo "2160"]
[Annotator "SMR-NCA"]
[PlyCount "98"]
[EventDate "1998.09.29"]

1.Nf3 Nf6 2.g3 g6 3.Bg2 Bg7 4.O-O O-O 5.d4 d5 6.c4 c6 7.b3 Nbd7 8.Bb2 Nb6 
9.Nbd2 Bf5 10.Nh4 Bg4 11.h3 Bd7 12.Nhf3 Rc8 13.a4 Na8 14.Ne5 Nc7 15.Kh2 h6
16.f4 Nh7 17.e4 Nf6 18.g4 Nxe4 19.Bxe4 dxe4 20.Nxe4 Rb8 21.f5 Be8 22.Ba3 
f6 23.Nf3 Bf7 24.Qc2 g5 25.Rfe1 Re8 26.Rad1 Na6 27.Nc3 Qc7+ 28.Kg2 Rbd8 
29.Bc1 Rd7 30.Be3 b6 31.Bf2 e5 32.fxe6 Rxe6 33.Rxe6 Bxe6 34.Re1 Bf7 35.Bg3
Qd8 36.Qf5 Nc7 37.Bxc7 Rxc7 38.d5 cxd5 39.Nxd5 Rd7 40.Rd1 Bxd5 41.Rxd5 
Rxd5 42.Qxd5+ Qxd5 43.cxd5 Bf8 44.Nd4 Bc5 45.Nf5 Bf8 46.Kf3 Kf7 47.Ke4 Ke8
48.d6 Kd7 49.Kd5 a5 1/2-1/2

[Event "XXXIII Olimpiadi (San Marino)"]
[Site "Elista RUS"]
[Date "1998.10.06"]
[Round "8.2"]
[White "Guevara, Carlos"]
[Black "Volpinari, Danilo"]
[Result "1/2-1/2"]
[WhiteElo "2110"]
[BlackElo "2115"]
[Annotator "SMR-NCA"]
[PlyCount "81"]
[EventDate "1998.09.29"]

1.d4 Nf6 2.Nf3 c5 3.g3 g6 4.Bg2 Bg7 5.O-O cxd4 6.Nxd4 O-O 7.c4 Nc6 8.Nc3 
a6 9.Nc2 d6 10.Rb1 Ne5 11.b3 Rb8 12.Nd4 Bd7 13.h3 Qc8 14.f4 Nc6 15.Nxc6 
Bxc6 16.e4 b5 17.Nd5 Bxd5 18.cxd5 Qc5+ 19.Kh2 Rbc8 20.Bb2 Qc2 21.Qf3 Nd7 
22.Bxg7 Kxg7 23.Qf2 Qxf2 24.Rxf2 Rc3 25.Re1 f6 26.Rd2 Rfc8 27.Ree2 Rc1 28.
Bf3 h5 29.Re3 R8c2 30.Rde2 b4 31.Kg2 a5 32.h4 Rxe2+ 33.Rxe2 Rc3 34.Kf2 Nc5
35.Rd2 Kf7 36.Ke2 Nd7 37.Rd4 Rc2+ 38.Rd2 Rc3 39.Rd4 Rc2+ 40.Rd2 Rc3 41.Rd3
1/2-1/2

[Event "XXXIII Olimpiadi (San Marino)"]
[Site "Elista RUS"]
[Date "1998.10.06"]
[Round "8.3"]
[White "Righi, Ezio"]
[Black "Barrios, Ramon"]
[Result "1/2-1/2"]
[WhiteElo "2115"]
[BlackElo "2245"]
[Annotator "SMR-NCA"]
[PlyCount "29"]
[EventDate "1998.09.29"]

1.e4 e5 2.Nf3 Nf6 3.Nxe5 d6 4.Nf3 Nxe4 5.c4 Be7 6.d4 O-O 7.Bd3 Nf6 8.Qc2 
h6 9.Nc3 Nc6 10.a3 d5 11.Be3 Be6 12.c5 Re8 13.h3 a6 14.O-O Qd7 15.b4 
1/2-1/2

[Event "XXXIII Olimpiadi (San Marino)"]
[Site "Elista RUS"]
[Date "1998.10.06"]
[Round "8.4"]
[White "Bendana, Guy"]
[Black "Grassi, Enrico"]
[Result "1/2-1/2"]
[WhiteElo "2090"]
[BlackElo "2120"]
[Annotator "SMR-NCA"]
[PlyCount "21"]
[EventDate "1998.09.29"]

1.d4 Nf6 2.Nf3 g6 3.Bg5 Bg7 4.Nbd2 d5 5.e3 O-O 6.Bd3 Nbd7 7.O-O Re8 8.h3 
b6 9.Bb5 Bb7 10.Ne5 Rf8 11.f4 1/2-1/2

[Event "XXXIII Olimpiadi (San Marino)"]
[Site "Elista RUS"]
[Date "1998.10.07"]
[Round "9.2"]
[White "Kayle, Charles"]
[Black "Righi, Ezio"]
[Result "0-1"]
[WhiteElo "2090"]
[BlackElo "2115"]
[Annotator "SMR-PLE"]
[PlyCount "140"]
[EventDate "1998.09.29"]

1.d4 Nf6 2.c4 e6 3.Nc3 d5 4.cxd5 exd5 5.Bg5 Bb4 6.e3 Nbd7 7.Bd3 c5 8.Nf3 
Qa5 9.O-O Bxc3 10.bxc3 c4 11.Bf5 O-O 12.Qc2 Re8 13.Nd2 g6 14.Bxd7 Nxd7 15.
Bh6 Nf6 16.f3 Bf5 17.e4 dxe4 18.Nxc4 exf3 19.Qc1 Qa6 20.Rxf3 Be4 21.Rxf6 
Qxf6 22.Ne5 Qe6 23.Qf4 Qf5 24.Qg3 Qe6 25.Rf1 f6 26.Ng4 Bf5 27.d5 Qb6+ 28.
Be3 Rxe3 29.Nxe3 Bd3 30.Re1 Re8 31.h4 Qc5 32.c4 Bxc4 33.Kh2 Bxd5 34.Ng4 
Rxe1 35.Qxe1 Qd6+ 36.g3 Kf7 37.Qd2 Qe6 38.a4 Qe4 39.Kg1 Qh1+ 40.Kf2 Qg2+ 
41.Ke1 Qxd2+ 42.Kxd2 Ke6 43.Kc3 f5 44.Nf2 Ke5 45.a5 Be4 46.Nh3 h6 47.a6 b6
48.Nf4 g5 49.hxg5 hxg5 50.Ng6+ Kd6 51.Kd4 Bg2 52.Ne5 Bf1 53.Nf7+ Ke7 54.
Nxg5 Bxa6 55.Ke5 Bd3 56.Nf3 a5 57.Ne1 Bb1 58.Nf3 a4 59.Kd4 Kd6 60.Kc4 a3 
61.Nd4 a2 62.Nb3 Ke5 63.Kc3 Ke4 64.Kb2 Kf3 65.Nd2+ Kxg3 66.Nc4 b5 67.Nd6 
Bd3 68.Nb7 f4 69.Nc5 Bc4 70.Ne4+ Kg2 0-1

[Event "XXXIII Olimpiadi (San Marino)"]
[Site "Elista RUS"]
[Date "1998.10.07"]
[Round "9.3"]
[White "Grassi, Enrico"]
[Black "Said, Mahmoud"]
[Result "1-0"]
[WhiteElo "2120"]
[BlackElo "2220"]
[Annotator "SMR-PLE"]
[PlyCount "67"]
[EventDate "1998.09.29"]

1.e4 d6 2.d4 g6 3.c4 Bg7 4.Nf3 c6 5.Nc3 a6 6.a4 Nd7 7.a5 e6 8.Be2 Ne7 9.
O-O O-O 10.Be3 f5 11.Qc1 Nf6 12.e5 Ne4 13.exd6 Nxd6 14.Bd3 Nf7 15.Rd1 h6 
16.h4 Bd7 17.b4 Kh8 18.Na4 Qc7 19.Bf4 e5 20.dxe5 Be6 21.Nc5 Qc8 22.Ra2 Ng8
23.Rad2 Re8 24.Bf1 Kh7 25.Nxe6 Rxe6 26.Rd7 Ne7 27.Qe3 Rb8 28.Qb6 Nxe5 29.
Nxe5 Bxe5 30.Bxe5 Rxe5 31.Rc7 Qf8 32.Rdd7 h5 33.Rxb7 Ra8 34.Qc7 1-0

[Event "XXXIII Olimpiadi (San Marino)"]
[Site "Elista RUS"]
[Date "1998.10.09"]
[Round "10.2"]
[White "Volpinari, Danilo"]
[Black "Cueto Chajtur, Johnny"]
[Result "0-1"]
[WhiteElo "2115"]
[BlackElo "2350"]
[Annotator "SMR-BOL"]
[PlyCount "77"]
[EventDate "1998.09.29"]

1.d4 d5 2.c4 dxc4 3.e4 e5 4.d5 Bd6 5.Bxc4 f5 6.Nc3 Nf6 7.f3 fxe4 8.Bg5 
exf3 9.Nxf3 O-O 10.Qc2 Qe8 11.O-O-O Bg4 12.Rhf1 Qh5 13.Bd2 Nbd7 14.Be2 
Rae8 15.Be3 e4 16.Ng5 Bxe2 17.Qxe2 Qxe2 18.Nxe2 Ng4 19.Bg1 Rxf1 20.Rxf1 
Ndf6 21.h3 Ne5 22.Nc3 Nd3+ 23.Kc2 Nb4+ 24.Kd1 h6 25.Ne6 Nfxd5 26.Nd4 Nxc3+
27.bxc3 Nd5 28.Kc2 a6 29.Rb1 b6 30.Nf5 Be5 31.c4 Nf4 32.Ne3 Bd4 33.Nd5 
Nxd5 34.Bxd4 Nf4 35.Re1 Nxg2 36.Re2 Nf4 37.Re3 g5 38.a4 Kf7 39.Rb3 0-1

[Event "XXXIII Olimpiadi (San Marino)"]
[Site "Elista RUS"]
[Date "1998.10.09"]
[Round "10.3"]
[White "Saavedra, Carlos"]
[Black "Righi, Ezio"]
[Result "1-0"]
[WhiteElo "2205"]
[BlackElo "2115"]
[Annotator "SMR-BOL"]
[PlyCount "59"]
[EventDate "1998.09.29"]

1.e4 e5 2.Nf3 Nc6 3.Bb5 a6 4.Ba4 Nf6 5.O-O Be7 6.Re1 b5 7.Bb3 d6 8.c3 O-O 
9.h3 Bb7 10.d3 Re8 11.Nbd2 Bf8 12.Nf1 h6 13.Ng3 g6 14.Nh2 Qd7 15.Qf3 Qe7 
16.a3 Bg7 17.Qd1 Rad8 18.f4 d5 19.exd5 Nxd5 20.fxe5 Qh4 21.Re4 Qxg3 22.Nf1
Nxc3 23.Bxf7+ Kh8 24.bxc3 Rxd3 25.Qe2 Rd1 26.Qxd1 Qxc3 27.Bd2 Qd3 28.Re3 
Qf5 29.Bxe8 Bxe5 30.Bc3 1-0

[Event "XXXIII Olimpiadi (San Marino)"]
[Site "Elista RUS"]
[Date "1998.10.09"]
[Round "10.4"]
[White "Grassi, Enrico"]
[Black "Ferrufino, Boris"]
[Result "0-1"]
[WhiteElo "2120"]
[BlackElo "2035"]
[Annotator "SMR-BOL"]
[PlyCount "104"]
[EventDate "1998.09.29"]

1.e4 c5 2.Nf3 Nc6 3.d4 cxd4 4.Nxd4 e5 5.Nb5 d6 6.a4 Be6 7.N1c3 a6 8.Na3 
Be7 9.Be3 Nf6 10.Bc4 Qd7 11.f3 Nb4 12.Qd2 d5 13.exd5 Nfxd5 14.Nxd5 Nxd5 
15.Bxd5 Qxd5 16.Qxd5 Bxd5 17.O-O O-O 18.b3 Rfd8 19.Rfd1 Be6 20.Nc4 Bxc4 
21.bxc4 Rxd1+ 22.Rxd1 Rd8 23.Rd5 f6 24.Bb6 Rd6 25.Be3 Kf7 26.Kf2 Ke6 27.
Rxd6+ Kxd6 28.Ke2 Kc6 29.Kd3 Bc5 30.Bd2 g6 31.g4 Bg1 32.h3 f5 33.gxf5 gxf5
34.Bb4 Bc5 35.Bc3 Bd6 36.Bd2 Kc5 37.Be1 e4+ 38.fxe4 fxe4+ 39.Kxe4 Kxc4 40.
Kf5 Bb4 41.Bf2 Bc3 42.Ke4 Kb4 43.Kd3 Bg7 44.Bb6 Kxa4 45.Kc4 Bf6 46.c3 Be7 
47.Bd4 b5+ 48.Kd3 Kb3 49.Bb6 Bf6 50.Ba5 Ka4 51.Bb4 a5 52.Bd6 Kb3 0-1

[Event "XXXIII Olimpiadi (San Marino)"]
[Site "Elista RUS"]
[Date "1998.10.11"]
[Round "12.1"]
[White "Cilia Vincenti, David"]
[Black "Maccapani, Massimiliano"]
[Result "1/2-1/2"]
[WhiteElo "2220"]
[BlackElo "2245"]
[Annotator "SMR-MLT"]
[PlyCount "90"]
[EventDate "1998.09.29"]

1.d4 d5 2.c4 e6 3.Nc3 Nf6 4.Nf3 c6 5.Bg5 h6 6.Bxf6 Qxf6 7.e3 Nd7 8.Bd3 g6 
9.O-O dxc4 10.Bxc4 Qe7 11.e4 Bg7 12.Re1 O-O 13.h3 Rd8 14.e5 b6 15.Qe2 Rb8 
16.a3 Bb7 17.Rad1 b5 18.Bd3 b4 19.axb4 Qxb4 20.Bb1 Ba8 21.Rd2 Nb6 22.Ba2 
Nd5 23.Nxd5 cxd5 24.g4 Qe7 25.h4 Rb6 26.h5 g5 27.Rc1 Rc6 28.Rdc2 Rdc8 29.
Rxc6 Rxc6 30.Rxc6 Bxc6 31.Bb1 Be8 32.Qc2 f6 33.Kg2 fxe5 34.dxe5 Qb4 35.Nh2
Qf4 36.Qc8 Qf8 37.Qxe6+ Bf7 38.Qf5 Qe8 39.Nf3 Be6 40.Qh7+ Kf8 41.Bf5 Bf7 
42.Bg6 Qa4 43.Bxf7 Qxg4+ 44.Kf1 Kxf7 45.Qg6+ Kg8 1/2-1/2

[Event "XXXIII Olimpiadi (San Marino)"]
[Site "Elista RUS"]
[Date "1998.10.11"]
[Round "12.2"]
[White "Volpinari, Danilo"]
[Black "Camilleri, Stephan J."]
[Result "1/2-1/2"]
[WhiteElo "2115"]
[BlackElo "2115"]
[Annotator "SMR-MLT"]
[PlyCount "59"]
[EventDate "1998.09.29"]

1.d4 Nf6 2.Nf3 e6 3.e3 c5 4.Bd3 b6 5.b3 Bb7 6.Bb2 Be7 7.O-O d6 8.Nbd2 Nbd7
9.Qe2 O-O 10.c4 Re8 11.Rad1 Qc7 12.Rfe1 Rac8 13.Bb1 h6 14.e4 cxd4 15.Nxd4 
a6 16.f4 e5 17.fxe5 dxe5 18.Nf5 Bf8 19.Kh1 Nc5 20.Rf1 Qc6 21.Ng3 Rcd8 22.
Rf5 Bc8 23.Rff1 Bg4 24.Nf3 Bd6 25.h3 Bc8 26.Rfe1 Qc7 27.Nh4 Ne6 28.Nhf5 
Nf4 29.Qf3 Bf8 30.Ne3 1/2-1/2

[Event "XXXIII Olimpiadi (San Marino)"]
[Site "Elista RUS"]
[Date "1998.10.11"]
[Round "12.3"]
[White "Pace, Colin"]
[Black "Righi, Ezio"]
[Result "0-1"]
[WhiteElo "2200"]
[BlackElo "2115"]
[Annotator "SMR-MLT"]
[PlyCount "26"]
[EventDate "1998.09.29"]

1.e4 e5 2.Nf3 Nc6 3.d4 exd4 4.Nxd4 Bc5 5.Nxc6 Qf6 6.Qd2 dxc6 7.Nc3 Bd7 8.
Bd3 Qe7 9.O-O a6 10.Na4 Ba7 11.Qa5 b5 12.Nc3 Bb6 13.Qa3 b4 0-1